Randall King Songs Quiz - Statistics

General Stats
  • This quiz has been taken 6 times
    5 since last reset
  • The average score is 14 of 30
Answer Stats
Album Answer % Correct
Another Bullet Another Bullet
80%
Randall King Mirror, Mirror
80%
Another Bullet Ain't Waitin' on You
60%
Leanna Around Forever
60%
Non-Album Single Baby Do
60%
Randall King Dent in It
60%
Randall King Freightline
60%
Non-Album Single Hey Cowgirl
60%
Leanna Hey Moon
60%
Randall King One More Won't Hurt
60%
Randall King Reason to Quit
60%
Non-Album Single She Gone
60%
Randall King Tuggin' on My Heartstrings
60%
Randall King Break It
40%
Non-Album Single Burn It At Both Ends
40%
Randall King Cool Under Pressure
40%
Another Bullet Hard Livin' Illene (feat. Cleto Cordero)
40%
Randall King Her Miss Me Days Are Gone
40%
Leanna I'll Fly Away
40%
Randall King Keep Her on the Line
40%
Non-Album Single Record High
40%
Non-Album Single Run Run Rudolph
40%
Another Bullet Smokin' Cigarettes
40%
Leanna Takin' It As It Comes
40%
Randall King Takin' Me a Heartbreak
40%
Another Bullet The Problem
40%
Randall King When He Knows Me
40%
Non-Album Single White Christmas Makes Me Blue
40%
Randall King One Goodbye
20%
Non-Album Single Have Yourself a Merry Little Christmas
0%
No matching quizzes found
Score Distribution
Percent of People with Each Score
Percentile by Number Answered
Your Score History
You have not taken this quiz since the last reset